[Event "ISR Youth-Ch Finals 2021 U18"]
[Site "Ramat Hasharon"]
[Date "2021.03.22"]
[Round "3.1"]
[White "Ben Ari, Yannay"]
[Black "Milikow, Yoav"]
[Result "1-0"]
[WhiteElo "2403"]
[BlackElo "2302"]
[Annotator "TA"]
[PlyCount "87"]
[EventDate "2021.03.19"]
[EventType "swiss"]
[EventCountry "ISR"]
[SourceTitle "playchess.com"]
[Source "ChessBase"]
[SourceQuality "1"]

{[%evp 12,87,34,4,71,61,77,72,79,72,117,77,87,93,95,86,112,96,90,95,112,103,134,120,97,100,139,111,99,109,97,87,137,93,274,189,253,242,308,314,395,409,445,428,529,520,473,373,438,436,432,399,405,396,680,508,883,479,472,0,855,878,817,672,630,499,773,753,1563,1514,29984,29985,29985,29986,29997,29988,29998,29999]} 1. Nf3 Nf6 2. d4 g6 3. Nc3 Bg7 4. e4 d6 5. Be3 O-O 6. h3 a6 7. Bd3 e5 {B08: Pirc Defence: Classical System.} (7... b5 $11) 8. dxe5 $16 dxe5 {[#]} 9. Nxe5 $146 ({Predecessor:} 9. O-O Nc6 10. Qd2 Qd6 11. Rad1 Be6 12. Bh6 Rad8 13. Bxg7 Kxg7 14. a3 Nh5 15. Qe3 Qe7 16. Rfe1 Nf4 17. Bf1 Rd7 18. Rxd7 Bxd7 {1-0 (51) Cordey,C (1761)-Binz,L (1669) Kreuzlingen 2016}) 9... Qe7 {White is better.} 10. Nf3 {And now e5 would win.} Nc6 11. a4 Rd8 12. O-O Be6 13. Qe2 Qb4 14. Bd2 Qc5 15. Rfd1 Nh5 16. Qe3 Nd4 17. Nxd4 Bxd4 18. Qf3 Qc6 19. Nd5 Rxd5 20. exd5 Bxd5 21. Qg4 Qb6 22. Rf1 f5 $2 {[#]} (22... Nf6 $16 23. Qf4 Nh5) 23. Qh4 f4 (23... Bf6 {keeps fighting.} 24. Bg5 Bxg5 25. Qxg5 Qxb2) 24. Bc3 Rf8 25. Qg5 c6 26. Rae1 f3 27. g3 Qc5 28. Bxd4 Qxd4 29. b3 Bf7 30. Re7 b5 31. axb5 axb5 32. Qe5 Qb4 {[#]} (32... Qxe5 33. Rxe5 Nf6) 33. Kh2 Rd8 (33... Qd2 $142 34. Kg1 Qh6) 34. Qc7 Rf8 35. Qe5 (35. Be4 $142) 35... Rd8 $18 36. Ra1 Rf8 37. Raa7 Qd2 38. Qe3 Qb4 (38... Qxe3 $142 39. Rxe3 Nf6) 39. Be4 Ng7 40. Qxf3 {[%cal Re7f7]} Nf5 41. Bxf5 {White mates.} gxf5 42. Qxf5 Bg6 43. Rg7+ Kh8 44. Rxh7+ {[%mdl 64] X-Ray Attack.  Weighted Error Value: White=0.53/Black=0.71} 1-0

[Event "ISR Youth-Ch Finals 2021 U18"]
[Site "Ramat Hasharon"]
[Date "2021.03.22"]
[Round "3.2"]
[White "Tzidkiya, Yeshaayahu"]
[Black "Zemach, Roee"]
[Result "1/2-1/2"]
[WhiteElo "2380"]
[BlackElo "2292"]
[Annotator "TA"]
[PlyCount "100"]
[EventDate "2021.03.19"]
[EventType "swiss"]
[EventCountry "ISR"]
[SourceTitle "playchess.com"]
[Source "ChessBase"]
[SourceQuality "1"]

{[%evp 12,100,-14,-25,-25,-34,-9,-34,-34,-31,0,-20,0,0,0,-3,12,-16,-14,-27,0,0,25,25,30,-24,-23,-21,-18,-23,-12,-27,10,4,42,48,79,78,93,93,93,93,96,87,77,84,87,95,102,97,102,91,88,6,25,16,35,0,0,0,51,0,64,62,80,65,77,0,4,0,0,0,0,0,0,0,0,0,0,0,0,-16,0,0,0,0,0,0,0,0,0]} 1. e4 e5 2. Bc4 Nf6 3. d3 Nc6 4. Nc3 Na5 5. Nf3 Nxc4 6. dxc4 Bb4 7. Qd3 $1 {7.Qd3 is better than 7.Bd2.} d6 {C28: Vienna Game: 2...Nf6 3 Bc4 Nc6.} 8. Bd2 Be6 9. a3 Bxc3 {Black is slightly better.} 10. Bxc3 {[#]} Qd7 $146 ({Predecessor:} 10... Nd7 11. b3 f6 12. Rd1 Qe7 13. Nd2 O-O 14. f3 f5 15. Qe2 f4 16. Bb2 g5 {1-0 (44) Zabojlovich,A-Acs,P Bratislava 1993}) 11. Nd2 Nh5 12. g3 O-O 13. Qe2 g6 14. f4 Bg4 15. Qf2 exf4 16. gxf4 {[#] Strongly threatening h3!} Ng7 17. h3 Bh5 $1 18. Qh4 (18. f5 $142) 18... f5 $11 {Threatens to win with ...fxe4.} 19. O-O $1 Rae8 20. Rae1 b6 21. Kh2 Qe7 22. Qf2 Qf7 23. Qd4 c5 24. Qxd6 Rd8 {[#]} 25. Qc6 Rc8 26. Qd5 Rfd8 27. Qe5 Re8 28. Qxg7+ Qxg7 29. Bxg7 Kxg7 30. e5 Rcd8 31. Rf2 Rd4 32. c3 (32. Rg1 $16) 32... Rd3 33. Nf1 Bd1 34. Rd2 (34. h4 {with more complications.} Kf7 35. Re3 Rd7 36. Rg2 Bh5 37. Rh3) 34... Rxd2+ 35. Nxd2 {[%mdl 4096] Endgame KRB-KRN} Bc2 ({Better is} 35... Ba4 $11) 36. Nf1 (36. Re2 $14) 36... Rd8 (36... Bb3 $1 $11) 37. Re2 $1 $14 {[%cal Re2c2]} Bd1 38. Rf2 Rd3 39. Kg2 ({White should play} 39. Rd2 $16 Rxd2+ 40. Nxd2) 39... Bb3 {The position is equal.} 40. Nd2 Bd1 41. h4 Kf7 42. Nf1 Bg4 43. Nd2 Bh3+ 44. Kg1 Bg4 45. Rh2 Ke7 46. Kf1 Re3 47. Kf2 Re2+ 48. Kg3 Re3+ 49. Kf2 Re2+ 50. Kg3 Re3+ {Weighted Error Value: White=0.15/Black=0.13} 1/2-1/2

[Event "ISR Youth-Ch Finals 2021 U18"]
[Site "Ramat Hasharon"]
[Date "2021.03.22"]
[Round "3.3"]
[White "Kochavi, Ori"]
[Black "Globus, Or"]
[Result "1/2-1/2"]
[WhiteElo "2273"]
[BlackElo "2401"]
[Annotator "TA"]
[PlyCount "44"]
[EventDate "2021.03.19"]
[EventType "swiss"]
[EventCountry "ISR"]
[SourceTitle "playchess.com"]
[Source "ChessBase"]
[SourceQuality "1"]

{[%evp 9,31,-3,18,0,0,0,0,12,21,24,19,16,21,17,13,0,5,0,25,0,10,2,0,-2]} 1. e4 e5 2. Bc4 Nf6 3. d3 c6 4. Nf3 d5 5. Bb3 a5 {[#] Hoping for ...a4.} 6. a4 {C24: Bishop's Opening: 2...Nf6.} ({Don't go for} 6. Nxe5 $2 a4 $19) 6... Bb4+ 7. c3 Bd6 8. exd5 cxd5 9. Bg5 Be6 10. Na3 Nbd7 11. Nb5 Bb8 12. Bh4 O-O 13. h3 Re8 14. O-O h6 15. Re1 Ra6 16. Bg3 {[#] An uneventful encounter.  Weighted Error Value: White=0.04/Black=0.04} {Predecessor:} Bf5 $146 17. d4 e4 18. Bxb8 Qxb8 19. Nh2 Rae6 20. Nf1 R6e7 21. Ne3 Be6 22. Ba2 Nb6 {½-½ (42) Kadric,D (2537)-Sharma,D (2275) Abu Dhabi 2018} 1/2-1/2

[Event "ISR Youth-Ch Finals 2021 U18"]
[Site "Ramat Hasharon"]
[Date "2021.03.22"]
[Round "3.4"]
[White "Gorodetzky, Matan"]
[Black "Cohen Revivo, Shoham"]
[Result "1-0"]
[WhiteElo "2253"]
[BlackElo "2171"]
[Annotator "TA"]
[PlyCount "103"]
[EventDate "2021.03.19"]
[EventType "swiss"]
[EventCountry "ISR"]
[SourceTitle "playchess.com"]
[Source "ChessBase"]
[SourceQuality "1"]

{[%evp 13,103,32,67,54,60,35,128,122,170,105,105,41,59,0,13,14,38,18,22,20,32,38,50,43,63,44,97,84,87,87,87,87,91,85,78,25,31,29,27,29,34,30,31,30,27,35,63,72,92,92,123,124,123,143,235,151,168,165,243,227,304,301,335,244,351,345,407,379,544,543,502,519,946,945,1845,1819,1550,1639,29964,29965,29965,7457,29973,29974,29983,29984,29985,29986,29986,29987,29986,29987]} 1. e4 e6 2. d4 d5 3. Nd2 Nc6 4. Ngf3 Nf6 5. e5 Nd7 6. Nb3 f6 7. Bb5 a6 8. Bxc6 {C04: French Tarrasch: 3...Nc6.} bxc6 {[%cal Bb7c6,Bc6c5,Bc5c4][%mdl 32]} 9. Na5 Nb8 (9... Bb4+ $14 10. Bd2 Bxa5 11. Bxa5 fxe5) 10. O-O {White is better.} c5 {[#]} 11. Bf4 $146 (11. c4 $18) ({Predecessor:} 11. exf6 Qxf6 12. c4 c6 13. Bg5 Qf5 14. Re1 Bd6 15. dxc5 Bc7 16. Nb3 O-O 17. Be7 {1-0 (34) Lopatik,N (1989)-Yezhel,V (2216) Sochi 2018}) 11... f5 $16 12. Bg5 (12. dxc5 $16 {And now c6 would win.} Bxc5 13. c4) 12... Qd7 $1 $14 13. Nb3 ({Better is} 13. c4 $14) 13... c4 14. Nc1 c5 15. c3 Nc6 16. Ne2 Rb8 17. b3 cxb3 18. axb3 h6 19. Be3 cxd4 (19... g5 $14) 20. Nexd4 $16 g5 21. Nxc6 Qxc6 22. Nd4 Qc7 23. Qh5+ (23. Rc1 {keeps more tension.} Qd7 24. f4 Rg8 25. Qd2 g4 26. c4) 23... Qf7 24. Qxf7+ (24. Qe2 $16) 24... Kxf7 $11 25. b4 f4 26. Bd2 Bg7 27. Rfe1 Rb6 28. g3 fxg3 $1 29. hxg3 Bd7 30. f4 gxf4 31. gxf4 Rc8 32. Kf2 Rc4 33. Ke3 Bf8 (33... Rc8 $16 34. Rh1 Rg8) 34. Ra5 Rc7 35. Rg1 Bb5 (35... Be7 $142 36. Ra2 Rc8) 36. Rg3 $18 Bc4 {[#]} 37. Ra1 $1 Ke8 38. Rg6 Rg7 {[#]} (38... Rh7 {might work better.} 39. Rxe6+ Rxe6) 39. Rag1 $1 ({Weaker is} 39. Rxe6+ Rxe6 40. Nxe6 Rg3+ 41. Kf2 Rd3 $16) ({Don't blunder} 39. Rxh6 $2 Rg3+ 40. Kf2 Rd3 $19) 39... Rxg6 40. Rxg6 Kf7 (40... a5 {was called for.} 41. bxa5 Ra6 42. Rxe6+ Kd7) 41. f5 Be7 {intending ...Bg5+.} 42. Nxe6 d4+ (42... Rxe6 $142 43. Rxe6 Bg5+ 44. Kd4 Bxd2) 43. Kxd4 Rxe6 44. Rxe6 Bxe6 45. fxe6+ {[%mdl 4096] Endgame KB-KB} Kg6 46. Ke4 h5 47. c4 h4 48. c5 {White mates.} h3 49. Bf4 Bg5 50. Bh2 Bd8 51. c6 Bb6 52. Kd5 {Weighted Error Value: White=0.10/Black=0.50} 1-0

[Event "ISR Youth-Ch Finals 2021 U18"]
[Site "Ramat Hasharon"]
[Date "2021.03.22"]
[Round "3.5"]
[White "Gorshtein, Asaf"]
[Black "Stolyarsky, Yegor"]
[Result "0-1"]
[WhiteElo "2122"]
[BlackElo "2063"]
[Annotator "RC"]
[PlyCount "128"]
[EventDate "2021.03.19"]
[EventType "swiss"]
[EventCountry "ISR"]
[SourceTitle "playchess.com"]
[Source "ChessBase"]
[SourceQuality "1"]
[TimeControl "5400+30"]

1. d4 {[%emt 0:00:00]} Nf6 {[%emt 0:00:00]} 2. Nf3 {[%emt 0:00:17]} g6 {[%emt 0:00:18]} 3. Nc3 {[%emt 0:01:17]} d5 {[%emt 0:01:29]} 4. Bg5 {[%emt 0:01:09]} Bg7 {[%emt 0:00:30]} 5. Bxf6 {[%emt 0:00:20]} exf6 {[%emt 0:01:15]} 6. e3 {[%emt 0:00:34]} O-O {[%emt 0:00:54]} 7. Bd3 {[%emt 0:00:34]} f5 {[%emt 0:00:46]} 8. O-O {[%emt 0:00:19]} h5 {[%emt 0:00:30]} 9. Ne5 {[%emt 0:03:18]} c6 {[%emt 0:01:08]} 10. Ne2 {[%emt 0:01:31]} Qe8 {[%emt 0:02:45]} 11. Nf3 {[%emt 0:05:12]} Nd7 {[%emt 0:00:29]} 12. c4 {[%emt 0:00:17]} Nf6 {[%emt 0:01:11]} 13. cxd5 {[%emt 0:00:22]} Nxd5 {[%emt 0:00:45]} 14. Nc3 {[%emt 0:01:07]} Nf6 {[%emt 0:02:54]} 15. Qb3 {[%emt 0:01:54]} Qe7 {[%emt 0:02:24]} 16. Ne5 {[%emt 0:04:22]} Be6 {[%emt 0:06:08]} 17. Bc4 {[%emt 0:00:21]} Bxc4 {[%emt 0:00:23]} 18. Qxc4 {[%emt 0:00:09]} Kh7 {[%emt 0:01:04]} 19. Nd3 {[%emt 0:02:48]} Ne4 {[%emt 0:01:59]} 20. Nxe4 {[%emt 0:01:32]} fxe4 {[%emt 0:04:20]} 21. Nc5 {[%emt 0:00:07]} b6 {[%emt 0:02:00]} 22. Nb3 {[%emt 0:00:08]} Rac8 {[%emt 0:01:29]} 23. a4 {[%emt 0:02:03]} f5 {[%emt 0:01:57]} 24. g3 {[%emt 0:01:08]} c5 {[%emt 0:05:30]} 25. dxc5 {[%emt 0:00:59]} Bxb2 {[%emt 0:01:00]} 26. Ra2 {[%emt 0:00:15]} Be5 {[%emt 0:03:21]} 27. c6 {[%emt 0:00:07]} Rf6 {[%emt 0:02:56]} 28. Nd4 {[%emt 0:04:47]} Bxd4 {[%emt 0:00:34]} 29. Qxd4 {[%emt 0:00:08]} Rcxc6 {[%emt 0:03:06]} 30. h4 {[%emt 0:00:59]} Rfd6 {[%emt 0:02:43]} 31. Qb4 {[%emt 0:00:11]} Qe5 {[%emt 0:04:35]} 32. Rb1 {[%emt 0:02:30]} a6 {[%emt 0:10:40]} 33. Qb3 {[%emt 0:02:10]} Qe6 {[%emt 0:01:41]} 34. Qxe6 {[%emt 0:07:58]} Rxe6 {[%emt 0:00:11]} 35. Rd2 {[%emt 0:00:58]} Red6 {[%emt 0:00:18]} 36. Rxd6 {[%emt 0:00:29]} Rxd6 {[%emt 0:00:06]} 37. f3 {[%emt 0:00:57]} Kg7 {[%emt 0:00:47]} 38. fxe4 {[%emt 0:00:15]} fxe4 {[%emt 0:00:06]} 39. Rb4 {[%emt 0:00:03]} Re6 {[%emt 0:00:22]} 40. Rd4 {[%emt 0:03:48]} Kf6 {[%emt 0:00:26]} 41. Rd5 {[%emt 0:00:11]} Rc6 {[%emt 0:00:55]} 42. Kf2 {[%emt 0:02:34]} Rc2+ {[%emt 0:04:23]} 43. Kf1 {[%emt 0:01:08]} Ra2 {[%emt 0:00:32]} 44. Rd6+ {[%emt 0:00:36]} Kf5 {[%emt 0:00:23]} 45. Rxb6 {[%emt 0:00:05]} Rxa4 {[%emt 0:00:10]} 46. Kg2 {[%emt 0:04:23]} Ra3 {[%emt 0:04:59]} 47. Rc6 {[%emt 0:00:48]} a5 {[%emt 0:00:34]} 48. Rc5+ {[%emt 0:00:13]} Ke6 {[%emt 0:00:19]} 49. Kf2 {[%emt 0:00:13]} Ra2+ {[%emt 0:00:17]} 50. Kf1 {[%emt 0:00:13]} a4 {[%emt 0:00:21]} 51. Ra5 {[%emt 0:00:30]} a3 {[%emt 0:00:53]} 52. Kg1 {[%emt 0:02:27]} Ra1+ {[%emt 0:00:25]} 53. Kg2 {[%emt 0:00:05]} a2 {[%emt 0:00:31]} 54. Kh2 {[%emt 0:00:12]} Kd6 {[%emt 0:00:05]} 55. Kg2 {[%emt 0:00:11]} Kc6 {[%emt 0:00:06]} 56. Kh2 {[%emt 0:00:09]} Kb6 {[%emt 0:00:04]} 57. Ra8 {[%emt 0:00:05]} Kb5 {[%emt 0:00:17]} 58. Kg2 {[%emt 0:00:06]} Kc4 {[%emt 0:00:09]} 59. Kh2 {[%emt 0:00:10]} Kd3 {[%emt 0:00:12]} 60. Ra3+ {[%emt 0:00:05]} Kd2 {[%emt 0:00:13]} 61. Kg2 {[%emt 0:00:28]} Ke2 {[%emt 0:00:05]} 62. g4 {[%emt 0:00:23]} hxg4 {[%emt 0:00:07]} 63. h5 {[%emt 0:00:27]} gxh5 {[%emt 0:00:09]} 64. Kh2 {[%emt 0:00:04]} Kf2 {[%emt 0:00:40]} 0-1

[Event "ISR Youth-Ch Finals 2021 U18"]
[Site "Ramat Hasharon"]
[Date "2021.03.22"]
[Round "3.6"]
[White "Ehrlich, Roy"]
[Black "Iliaguev, Daniel"]
[Result "1-0"]
[WhiteElo "2004"]
[BlackElo "2103"]
[Annotator "TA"]
[PlyCount "61"]
[EventDate "2021.03.19"]
[EventType "swiss"]
[EventCountry "ISR"]
[SourceTitle "playchess.com"]
[Source "ChessBase"]
[SourceQuality "1"]

{[%evp 9,61,5,3,-2,44,46,44,44,42,57,51,50,32,41,50,54,72,0,0,0,-13,-38,-24,-114,-122,-148,-125,-277,-222,-255,-215,-382,-370,-411,-388,-576,-567,-627,-358,-375,-281,-338,-295,-872,-427,-420,-410,-533,-548,-531,-510,-887,-538,-695]} 1. e4 Nf6 2. Nc3 d5 3. e5 Nfd7 4. Nxd5 Nxe5 5. Ne3 Nbc6 6. b3 {B02: Alekhine's Defence: Chase Variation and lines with early Nc3.} e6 7. Bb2 Bd6 {[#]} 8. d4 $146 {White is slightly better.} ({Predecessor:} 8. g3 O-O 9. Bg2 Ng6 10. Qh5 Be5 11. Bxe5 Ngxe5 12. f4 Nd7 13. Nf3 Nf6 14. Qc5 {½-½ (36) Henri,S (2266)-Saitou,A (2118) ICCF email 2010}) 8... Ng6 9. Nf3 O-O 10. g3 e5 11. d5 Nb8 12. h4 Nd7 13. Ng5 ({Better is} 13. h5 $16 Ne7 14. c4) 13... h6 $11 14. Ne4 f5 15. Nxd6 cxd6 16. Bh3 (16. Nc4 $11) 16... Nc5 $17 17. Qh5 Qa5+ 18. Ke2 $2 {[#] This costs White the game.} (18. Kf1 $17 {was the only defense.} Qa6+ 19. Kg1) 18... Ne7 19. Nc4 Qa6 20. Rad1 $2 (20. Bg2 {was necessary.}) 20... b5 $19 21. Ne3 Qxa2 22. Bc3 (22. Ba1 $142 Nxb3 23. f4) 22... Ne4 23. Bb4 Qa6 24. Qf3 Bd7 25. Qg2 Rac8 26. g4 $2 {[#]} (26. Kf1) 26... Nc3+ (26... Ng6 $142 {aiming for ...Nf4+.} 27. Qg1 fxg4) 27. Bxc3 f4 (27... Rxc3 $2 28. gxf5 Bxf5 29. Bxf5 $19) 28. Nf5 Nxf5 {Black is clearly winning.} 29. gxf5 Rxc3 30. Qe4 (30. Kf1 $142 Rxc2 31. Kg1) 30... Rfc8 31. Rc1 {[%mdl 32768] Weighted Error Value: White=0.82/Black=0.49. Loss on time!?} 1-0

[Event "ISR Youth-Ch Finals 2021 U18"]
[Site "Ramat Hasharon"]
[Date "2021.03.22"]
[Round "3.7"]
[White "Sobel, Ido"]
[Black "Kadria, Shay"]
[Result "0-1"]
[WhiteElo "1885"]
[BlackElo "2086"]
[Annotator "TA"]
[PlyCount "54"]
[EventDate "2021.03.19"]
[EventType "swiss"]
[EventCountry "ISR"]
[SourceTitle "playchess.com"]
[Source "ChessBase"]
[SourceQuality "1"]

{[%evp 9,54,-28,-28,-28,-27,-30,-24,-35,-35,-35,-31,-37,-35,-50,-44,-59,-34,-35,-14,-60,-65,-48,-42,-54,-8,0,0,-41,-40,-100,-107,-125,-131,-120,-121,-448,-403,-550,-552,-537,-526,-850,-855,-858,-841,-1737,-1698]} 1. e4 c5 2. Nc3 e6 3. f4 Nc6 4. Nf3 d5 5. d3 Nge7 6. Be2 {B23: Closed Sicilian: Lines without g3.} g6 7. O-O Bg7 8. Qe1 {Black has an edge.} Nd4 9. Nxd4 cxd4 10. Nd1 {[#]} Bd7 $146 ({Predecessor:} 10... Qc7 11. c3 dxc3 12. Nxc3 d4 13. Nd1 O-O 14. Bd2 b6 15. Rc1 Qd7 16. f5 exf5 {0-1 (29) Banjan,P (1677)-Saksham,D (1812) Calicut 2013}) 11. Nf2 O-O 12. Bd1 a5 13. g4 a4 14. a3 dxe4 15. dxe4 Rc8 16. g5 Bb5 17. Nd3 $1 Qb6 18. Rf3 f5 $36 {[%mdl 2048] Threatens to win with ...Bc6. Black is pushing.} 19. e5 (19. gxf6 $1 $15 Rxf6 20. Rf2) 19... Nd5 $17 20. h4 Rf7 21. h5 Bf8 22. Qh4 $2 {[%mdl 8192] This move loses the game for White.} (22. h6 $17) 22... Ne3 $19 23. hxg6 hxg6 {Strongly threatening ...Rh7.Black is clearly winning.} 24. Rh3 {[%csl Gh3][%cal Rh4h8] [#]} Rg7 $1 25. Qe1 Nxc2 26. Bxc2 Rxc2 27. Nb4 Re2 {Weighted Error Value: White=0.82/Black=0.05} 0-1

[Event "ISR Youth-Ch Finals 2021 U18"]
[Site "Ramat Hasharon"]
[Date "2021.03.22"]
[Round "3.8"]
[White "Katkov, Michelle"]
[Black "Mondri, Nadav"]
[Result "1-0"]
[WhiteElo "2078"]
[BlackElo "1803"]
[Annotator "TA"]
[PlyCount "55"]
[EventDate "2021.03.19"]
[EventType "swiss"]
[EventCountry "ISR"]
[SourceTitle "playchess.com"]
[Source "ChessBase"]
[SourceQuality "1"]

{[%evp 14,55,31,33,52,27,29,30,50,29,35,24,93,49,49,51,54,47,60,0,0,-106,-108,-82,-55,-33,-35,-158,0,0,11,16,13,0,243,243,243,243,305,305,297,297,297,297]} 1. e4 e5 2. Nf3 Nc6 3. Bc4 Bc5 4. c3 Nf6 5. d3 O-O 6. O-O d5 7. exd5 Nxd5 8. Re1 Be6 {C54: Giuoco Piano: 4 c3 Nf6, main lines with 5 d4 and 5 d3.} 9. Nbd2 {[#]} Nf4 $146 ({Predecessor:} 9... Bd6 10. Ne4 h6 11. b4 a6 12. a4 Re8 13. Qb3 Nf6 14. Bxe6 Rxe6 15. Be3 Ne7 16. Rad1 {1-0 (25) Kramnik,V (2800)-Anand,V (2776) Moscow 2018}) 10. Ne4 Bxc4 {White has an edge.} 11. Bxf4 exf4 12. dxc4 Be7 (12... Qxd1 $1 $11 13. Raxd1 Be7) 13. Qd5 (13. Qc1 {keeps more tension.} f5 14. Ned2 Qd3 15. Qd1 a6 16. Qb3) 13... Qxd5 14. cxd5 Na5 15. Ned2 Bf6 16. Re4 (16. Rad1 $14) 16... Rad8 $11 17. b4 (17. Rae1 $11 {remains equal.}) 17... Bxc3 $17 18. Rd1 {[#] aiming for Nb1.} Rxd5 {Strongly threatening ...f5.} 19. bxa5 Rfd8 20. Rde1 g5 $2 ({Black should try} 20... Kf8 $17 21. Rb1 Bxd2 22. Rxb7 Bxa5) 21. Re8+ $11 Kg7 {[#] ...Rxe8 is the strong threat.} 22. Rxd8 Rxd8 23. Rc1 g4 $2 24. Rxc3 $18 gxf3 25. Nf1 Rd1 26. Rxc7 {White has a decisive advantage.} fxg2 27. Kxg2 f3+ 28. Kg1 {Weighted Error Value: White=0.36/Black=0.47} ({Weaker is} 28. Kxf3 Rxf1 29. Rxb7 a6 $16) 1-0

[Event "ISR Youth-Ch Finals 2021 U18"]
[Site "Ramat Hasharon"]
[Date "2021.03.22"]
[Round "3.9"]
[White "Gov, Guy"]
[Black "Neiman, Maks"]
[Result "0-1"]
[WhiteElo "2095"]
[BlackElo "1993"]
[Annotator "RC"]
[PlyCount "82"]
[EventDate "2021.03.19"]
[EventType "swiss"]
[EventCountry "ISR"]
[SourceTitle "playchess.com"]
[Source "ChessBase"]
[SourceQuality "1"]
[TimeControl "5400+30"]

1. Nf3 {[%emt 0:12:32]} Nf6 {[%emt 0:10:21]} 2. b3 {[%emt 0:00:39]} d5 {[%emt 0:02:20]} 3. Bb2 {[%emt 0:00:18]} Bf5 {[%emt 0:00:53]} 4. d3 {[%emt 0:03:32]} e6 {[%emt 0:07:05]} 5. g3 {[%emt 0:04:08]} c5 {[%emt 0:01:01]} 6. Bg2 {[%emt 0:00:28]} h6 {[%emt 0:01:27]} 7. Nbd2 {[%emt 0:01:03]} Nc6 {[%emt 0:02:13]} 8. O-O {[%emt 0:02:38]} Be7 {[%emt 0:01:00]} 9. Re1 {[%emt 0:05:45]} O-O {[%emt 0:03:49]} 10. e4 {[%emt 0:07:44]} Bh7 {[%emt 0:00:50]} 11. e5 {[%emt 0:07:45]} Nd7 {[%emt 0:01:17]} 12. Qe2 {[%emt 0:00:19]} b5 {[%emt 0:04:59]} 13. a3 {[%emt 0:03:27]} Nb6 {[%emt 0:05:32]} 14. Kh1 {[%emt 0:04:14]} a5 {[%emt 0:02:55]} 15. Rg1 {[%emt 0:02:59]} a4 {[%emt 0:04:18]} 16. Ne1 {[%emt 0:07:11]} Qd7 {[%emt 0:15:43]} 17. f4 {[%emt 0:02:36]} Rab8 {[%emt 0:04:52]} 18. g4 {[%emt 0:01:13]} axb3 {[%emt 0:01:04]} 19. cxb3 {[%emt 0:00:29]} c4 {[%emt 0:00:33]} 20. dxc4 {[%emt 0:02:43]} bxc4 {[%emt 0:00:21]} 21. bxc4 {[%emt 0:00:37]} Na4 {[%emt 0:05:43]} 22. Bc1 {[%emt 0:06:34]} Nd4 {[%emt 0:00:20]} 23. Qf1 {[%emt 0:01:16]} dxc4 {[%emt 0:03:25]} 24. g5 {[%emt 0:06:28]} hxg5 {[%emt 0:02:18]} 25. Be4 {[%emt 0:15:52]} c3 {[%emt 0:04:25]} 26. Bxh7+ {[%emt 0:00:00]} Kxh7 {[%emt 0:00:04]} 27. Qd3+ {[%emt 0:00:00]} Kg8 {[%emt 0:00:21]} 28. Ndf3 {[%emt 0:00:00]} Rfd8 {[%emt 0:00:26]} 29. Nxg5 {[%emt 0:00:00]} Bxg5 {[%emt 0:01:56]} 30. Rxg5 {[%emt 0:00:00]} Qc6+ {[%emt 0:01:07]} 31. Rg2 {[%emt 0:00:00]} Nb3 {[%emt 0:01:45]} 32. Qg3 {[%emt 0:00:00]} g6 {[%emt 0:00:14]} 33. f5 {[%emt 0:00:00]} exf5 {[%emt 0:00:26]} 34. Bg5 {[%emt 0:00:00]} Nxa1 {[%emt 0:01:31]} 35. Bf6 {[%emt 0:00:00]} Rd1 {[%emt 0:01:08]} 36. e6 {[%emt 0:00:00]} Rxe1+ {[%emt 0:01:46]} 37. Qxe1 {[%emt 0:00:00]} Qe4 {[%emt 0:02:11]} 38. Qxe4 {[%emt 0:00:00]} fxe4 {[%emt 0:00:09]} 39. e7 {[%emt 0:00:00]} c2 {[%emt 0:07:42]} 40. Bg5 {[%emt 0:00:00]} f6 {[%emt 0:00:30]} 41. Bc1 {[%emt 0:08:00]} Kf7 {[%emt 0:00:30]} 0-1

[Event "ISR Youth-Ch Finals 2021 U18"]
[Site "Ramat Hasharon"]
[Date "2021.03.22"]
[Round "3.10"]
[White "Levitan, Ronit"]
[Black "Friedland, Eldar"]
[Result "1/2-1/2"]
[WhiteElo "2048"]
[BlackElo "2034"]
[Annotator "TA"]
[PlyCount "77"]
[EventDate "2021.03.19"]
[EventType "swiss"]
[EventCountry "ISR"]
[SourceTitle "playchess.com"]
[Source "ChessBase"]
[SourceQuality "1"]

{[%evp 10,77,20,14,29,17,17,19,28,22,27,-31,-18,-17,-18,-24,-22,-23,0,0,0,-14,0,0,0,-46,-25,-69,0,0,0,8,56,0,1,0,0,0,0,0,0,0,0,0,0,0,0,0,20,34,383,339,503,399,634,587,211,0,0,0,217,0,0,0,0,0,0,0,0,0]} 1. e4 c6 2. d4 g6 3. Nf3 Bg7 4. Nc3 d5 5. e5 Bg4 6. Be2 Nh6 {B15: Caro-Kann: 3 Nc3: 3...g6 and 3...dxe4 4 Nxe4 Nf6 5 Nxf6+ exf6.} 7. h3 Bxf3 8. Bxf3 O-O {[#]} 9. h4 $146 {aiming for h5.} ({Predecessor:} 9. Bf4 f6 10. e6 Nf5 11. Bg4 Nd6 12. Qd3 f5 13. Bf3 Rf6 14. O-O Ne4 15. Be5 Rxe6 16. Bxg7 Kxg7 {0-1 (22) Fedin,V (1582)-Chistyakov,N (1998) Novokuznetsk 2014}) 9... f6 $1 10. h5 ({White should play} 10. exf6 $11 exf6 11. Ne2) 10... g5 $15 11. exf6 exf6 12. Be3 f5 {Strongly threatening ...f4.} 13. g3 f4 14. gxf4 gxf4 15. Bc1 Nf5 16. Ne2 Qe7 {[#] Hoping for ...Nxd4.} 17. Kf1 Nd7 18. c3 Nf6 (18... Bh6 $1 $15) 19. Bxf4 $11 Ne4 20. Qd3 Bf6 (20... Kh8 {keeps more tension.} 21. Rd1 Bf6 22. Bxe4 dxe4 23. Qh3 Qe6) 21. Ng3 ({White should try} 21. Bxe4 $14 dxe4 22. Qh3) 21... Nfxg3+ 22. Bxg3 Nxg3+ 23. fxg3 Bxd4 $1 24. cxd4 {Black must now prevent Kg2.} Rxf3+ 25. Qxf3 Rf8 26. Qxf8+ Qxf8+ {[%mdl 4096] Endgame KQ-KRR} 27. Kg2 Qb4 28. Rae1 Qxb2+ 29. Kh3 Qd2 $2 {[%mdl 8192]} ({Don't go for} 29... Qxa2 $2 30. Rhf1 $18) (29... Qa3 $14) 30. Rhf1 $18 Qg5 ({But not} 30... Qxd4 $2 31. h6 $18) (30... Qh6 {was worth a try.} 31. Rf5 b5 32. Re8+ Kg7) 31. Re5 Qh6 (31... Qd8 $142 32. h6 b6) 32. Kh4 Qd6 {[#]} 33. Rff5 $2 (33. g4 $1 $18) 33... h6 $1 $11 34. g4 Qb4 $2 (34... c5 $11 {and Black has nothing to worry.}) 35. Rf4 $2 (35. Re6 $18 {And now Rg6+ would win.} Qd2 36. Kg3 Qc3+ 37. Rf3) 35... Qd2 {[%cal Rd2h2] The position is equal.} 36. Re8+ Kg7 {[%cal Rd2h2]} 37. Re7+ Kg8 {[%cal Rd2h2]} 38. Re8+ Kg7 {[%cal Rd2h2]} 39. Re7+ {Weighted Error Value: White=0.26/Black=0.53} 1/2-1/2